=LDR 00000nam 2200000 4500 =001 INLIS000000000039765 =005 20130612145356 =008 ***********************************Ind** =035 ##$$0010-061300000039765 =041 ##$$a Ind =082 ##$$a 641.86 =090 ##$$a 641.86, Nur i.3 =100 ##$$a Nursaadah =245 ##$$a Inspirasi Usaha Buga, Kletikan Untuk Jualan, Nursaadah =260 ##$$a 2011 $b Jakarta =300 ##$$a 53 hlm, Ilus, 22 cm =850 ##$$a NBPNMAT